| 000 | 00652nam a2200193Ia 4500 | ||
|---|---|---|---|
| 003 | GCL | ||
| 008 | 140319s9999 xx 000 0 ara d | ||
| 040 |
_aGCL / _cGCL |
||
| 082 | 0 | 4 |
_a953.122 _bس ت |
| 100 | 1 | _aالسخاوى, شمس الدين محمد بن عبد | |
| 245 | 1 | 0 |
_aالتحفة اللطيفة فى تاريخ المدينة الشريفة / _cالسخاوى, شمس الدين محمد بن عبد |
| 300 | _a601 ص | ||
| 490 | _a | ||
| 650 | 0 | 4 | _aالسعودية |
| 650 | 0 | 4 | _aالمدن - السعودية |
| 650 | 0 | 4 | _aالمدينة المنورة، تاريخ |
| 650 | 0 | 4 | _aالسعودية - تاريخ |
| 942 |
_2ddc _cBK |
||
| 999 |
_c40799 _d40799 |
||